| 000 | nam a22 a 4500 | ||
|---|---|---|---|
| 999 |
_c186991 _d186991 |
||
| 003 | BLK | ||
| 005 | 20220727145754.0 | ||
| 008 | 180411b bul|||||r ||||||| ||bul|| | ||
| 010 | _aKNG00195995000 | ||
| 040 | _aBLK | ||
| 041 |
_aBUL _cBUL |
||
| 080 |
_aНемска литература _b821.112.2 _x-31 _z821.112.2-31 |
||
| 080 |
_aИстория на Франция _b944 _z944 |
||
| 100 | 1 |
_aМан, Хайнрих _eпърви автор _9368237 |
|
| 139 |
_aМан, Хайнрих _bМ 25 |
||
| 245 | 1 | 0 |
_aМладостта на крал Анри IV _bИст. роман _cХайнрих Ман; прев. от нем. Цветана Узунова-Калудиева. |
| 257 | _aDEU | ||
| 260 |
_aПловдив _bХристо Г. Данов _c1972 |
||
| 300 |
_a502 с. _c23 см |
||
| 380 | _aX | ||
| 500 | _aОриг. загл. Die Jugend des Konigs Henri Quarte. | ||
| 700 | 1 |
_aУзунова-Калудиева, Цветана _eпрев. от нем. _9364877 |
|
| 852 | _aЦб 62901 | ||
| 856 | 4 | _qpdf | |
| 856 | 4 | _qpdf | |
| 942 |
_cKNG _n0 _s1 |
||
| 944 |
_aCR _c14.03.2018 _kКети_Илиева |
||
| 944 |
_aED _c2022-07-27 _kир |
||
| 999 | _d186991 | ||